ՀՀ Գիտությունների ազգային ակադեմիայի հիմնարար գիտական գրադարան  =   Fundamental Scientific Library of NAS RA

Труды : (Record no. 270581)

MARC details
000 -LEADER
fixed length control field 00866nam a2200229 a 4500
001 - CONTROL NUMBER
control field 000731740
003 - CONTROL NUMBER IDENTIFIER
control field AM-YeHGA
005 - DATE AND TIME OF LATEST TRANSACTION
control field 20250617143149.0
008 - FIXED-LENGTH DATA ELEMENTS--GENERAL INFORMATION
fixed length control field 100427s1984 ||| r 000 0 rus d
040 ## - CATALOGING SOURCE
Original cataloging agency AM-YeHGA
041 0# - LANGUAGE CODE
Language code of text/sound track or separate title rus
090 ## - LOCALLY ASSIGNED LC-TYPE CALL NUMBER (OCLC); LOCAL CALL NUMBER (RLIN)
-- 272219
111 2# - MAIN ENTRY--MEETING NAME
Meeting name or jurisdiction name as entry element Международный геофизический симпозиум
Number of part/section/meeting (29;
Date of meeting or treaty signing 1984;
Location of meeting Варна)
245 10 - TITLE STATEMENT
Title Труды :
Remainder of title Proceedings [29-го Международного геофизического симпозиума], 5-8 сентября 1984 г.
246 31 - VARYING FORM OF TITLE
Title proper/short title Proceedings
260 ## - PUBLICATION, DISTRIBUTION, ETC.
Place of publication, distribution, etc. София :
Name of publisher, distributor, etc. Б. и.,
Date of publication, distribution, etc. 1984-.
300 ## - PHYSICAL DESCRIPTION
Extent т.
504 ## - BIBLIOGRAPHY, ETC. NOTE
Bibliography, etc. note Библиогр. в конце докл.
505 1# - FORMATTED CONTENTS NOTE
Miscellaneous information Т. 1 (1984; 680 с.: ил.)
550 ## - ISSUING BODY NOTE
Issuing body note Междунар. дом ученых "Ф. Ж. Кюри".
653 0# - INDEX TERM--UNCONTROLLED
Uncontrolled term Геофизика - Тезисы докладов
Holdings
Withdrawn status Lost status Damaged status Not for loan Collection Home library Current library Date acquired Total checkouts Full call number Barcode Date last seen Price effective from Koha item type Public note
        General Fundamental Scientific Library Fundamental Scientific Library 29/12/2016   PII/540964 FL0155978 29/12/2016 29/12/2016 Գրքեր / Books 30 Days Loan


ՀՀ ԳԱԱ հիմնարար գիտական գրադարան
ՀՀ,Երևան 0019
Մարշալ Բաղրամյան 24/6
հեռախոս:(374-10) 52-47-50
Հետադարձ կապ

All site content, except where otherwise noted, is licensed under a
Creative Commons License